000 00486nam a2200181Ia 4500
005 20250508152851.0
008 008 250505s9999 xx 000 0 hin d
037 _aTextual
040 _aFEDL
_beng
_cFEDL
041 _ahin
_2hin
084 _a891.443, TAG
_qFEDL
100 _aTagore Rabindra
245 0 _aFulwari
260 _aCalcutta, India
_bVishwa Bharti Granthalaya
_c1934
300 _a119p.
942 _cTEXL
_h891.443, TAG
999 _c1339285
_d1339285